000 00600nam a22001937a 4500
005 20140411124502.0
010 _aENG-109193
020 _c190.00
_a9789382459064
035 _aEN-92726
037 _bDBAD/PUB
082 _a574.87
100 _aArumugam, N.
245 _aCell biology genetics and biotechnology /
_cby N. Arumugam
250 _a2nd ed
260 _bSaras Publication
_c2013
_aNagercoil
270 _bNagercoil
_e629002
_a114/35G, A. R. P. Camp Road, Periavilai, Kottar P. O.,
300 _axii,384p. :
_c24cm(pbk)
_bill.
942 _2ddc
_cEN
_mARU
_h574.87
999 _c82214
_d82214